L'offensive industrielle et commerciale de la France outre-Rhin.
Francúzsko pokladá Nemecko za cieľ svojich investícií a vývozu. Priame francúzske investície a vývoz. Francúzsko môže pokračovať v expanzii do SRN. Program privatizácie vo východných nemeckých krajoch ponúka Francúzsku ďalšie investičné možnosti. Šance Francúzska v oblasti elektriny v Európe, pričom...
Salvato in:
| Autore principale: | |
|---|---|
| Natura: | Capitolo di libro |
| Lingua: | francese |
| Soggetti: | |
| Tags: |
Nessun Tag, puoi essere il primo ad aggiungerne!!
|
MARC
| LEADER | 00000naa a2200000 4500 | ||
|---|---|---|---|
| 001 | r011636 | ||
| 005 | 20220913124557.8 | ||
| 041 | 0 | |a fre | |
| 044 | |a FR | ||
| 245 | 1 | 0 | |a L'offensive industrielle et commerciale de la France outre-Rhin. |c W. Dawkings |
| 520 | |a Francúzsko pokladá Nemecko za cieľ svojich investícií a vývozu. Priame francúzske investície a vývoz. Francúzsko môže pokračovať v expanzii do SRN. Program privatizácie vo východných nemeckých krajoch ponúka Francúzsku ďalšie investičné možnosti. Šance Francúzska v oblasti elektriny v Európe, pričom tu hrajú úlohu najmä banka Crédit Lyonnais a iné francúzske a nemecké firmy a banky. (Financial Times 28.7.1992.). | ||
| 610 | 2 | 0 | |a investície zahraničné |
| 610 | 2 | 0 | |a vývoz |
| 610 | 2 | 0 | |a Francúzsko |
| 610 | 2 | 0 | |a Nemecko |
| 610 | 2 | 0 | |a východné Nemecko |
| 610 | 2 | 0 | |a privatizácia |
| 610 | 2 | 0 | |a elektrina |
| 610 | 2 | 0 | |a firmy |
| 610 | 2 | 0 | |a banky |
| 100 | 1 | |a Dawkings, W. | |